<?xml version="1.0" encoding="UTF-8"?>
<collection xmlns="http://www.loc.gov/MARC21/slim">
 <record>
  <leader>01342nam a2200193Ia 4500</leader>
  <controlfield tag="001">CTU_16506</controlfield>
  <controlfield tag="008">210402s9999    xx            000 0 und d</controlfield>
  <datafield tag="020" ind1=" " ind2=" ">
   <subfield code="c">30000</subfield>
  </datafield>
  <datafield tag="082" ind1=" " ind2=" ">
   <subfield code="a">398.2</subfield>
  </datafield>
  <datafield tag="082" ind1=" " ind2=" ">
   <subfield code="b">Tr527</subfield>
  </datafield>
  <datafield tag="245" ind1=" " ind2="0">
   <subfield code="a">Truyện dân gian thế giới</subfield>
  </datafield>
  <datafield tag="245" ind1=" " ind2="0">
   <subfield code="c">Nguyễn Văn Thọ ( sưu tần, dịch )</subfield>
  </datafield>
  <datafield tag="260" ind1=" " ind2=" ">
   <subfield code="a">Nghệ An</subfield>
  </datafield>
  <datafield tag="260" ind1=" " ind2=" ">
   <subfield code="b">Nxb. Nghệ An</subfield>
  </datafield>
  <datafield tag="260" ind1=" " ind2=" ">
   <subfield code="c">1997</subfield>
  </datafield>
  <datafield tag="520" ind1=" " ind2=" ">
   <subfield code="a">Sách gồm 23 truyện ít trùng lặp với các sách xuất bản từ trước: Lưài rìu thủy tinh; Quạ và chim sẻ; Chàng út và thanh gươm báu; Con khỉ xanh; Quả bầu tiên; Hoàng tử út và kẻ hái trộm quả quí; Người đầy tớ và mụ phù thủy Coóc-va; Bông hoa đỏ thắm xinh xinh; Con rắn bảy đầu; Hứa hôn; Hoàng tử nhân nghĩa; Anh chăn lợn; Cái hòm thần; Bé Sếch-ka; Núi xanh; Cô gái nông nô và lão chúa đất; Cái lò sắt; Chim sơn ca; Người cố vấn khôn ngoan; Vỏ quít dày móng tay nhọn; ác mộng; Cô gái nông dân lấy gấu; Hoàng hậu thiên nga</subfield>
  </datafield>
  <datafield tag="650" ind1=" " ind2=" ">
   <subfield code="a">Folk literature</subfield>
  </datafield>
  <datafield tag="904" ind1=" " ind2=" ">
   <subfield code="i">Nguyễn Quang Điền,Qhieu sửa</subfield>
  </datafield>
  <datafield tag="980" ind1=" " ind2=" ">
   <subfield code="a">Trung tâm Học liệu Trường Đại học Cần Thơ</subfield>
  </datafield>
 </record>
</collection>
